CS Legendary moment - Statistics

General Stats
  • This quiz has been taken 15 times
  • The average score is 7 of 10
Answer Stats
Hint Answer % Correct
2K the no scope on Cache s1mple
100%
4K The Jumping Awp on Mirage coldzera
91%
burning defuse on Overpass olofmeister
91%
miss the unmissable deagle on Nuke niko
82%
"booo" middle finger on Major Austin 2025 apex
73%
x-god granade on Inferno dosia
73%
4K vs gambit, "###### YOU CANT WIN PRO LEAGUE LIKE THIS" on Mirage cadiaN
55%
4Awp one lane on Dust 2 (Team) fnatic
55%
5K deagle vs TSM on Inferno HappyV
18%
5K deagle one tap pierce vs Navi on Dust 2 ScreaM
18%
No matching quizzes found
Score Distribution
Percent of People with Each Score
Percentile by Number Answered
Your Score History
You have not taken this quiz